| 000 | 00639nam a2200253 a 4500 | ||
|---|---|---|---|
| 999 |
_c4221 _d4221 |
||
| 001 | 4221 | ||
| 003 | BD-JhCC | ||
| 005 | 20171126090318.0 | ||
| 008 | 171125b1936 enka|||| ||a| 001 0 eng d | ||
| 020 | _a416365604 | ||
| 035 | _a(BD-JhCC)4221 | ||
| 040 |
_aBD-JhCC _dBD-JhCC |
||
| 041 | _aeng | ||
| 082 |
_a574.09 _bNEW 1936 |
||
| 100 | _aNewbigin, Marion | ||
| 245 |
_aPlant and animal geography / _cMarion Newbigin |
||
| 260 |
_aLondon : _bMETHUEN & CO LTD, _c1936. |
||
| 300 |
_a298 p. : _c21 cm. _billu; |
||
| 650 | _aBiogeography | ||
| 650 | _aPlant ecology | ||
| 650 | _aAnimal Geography | ||
| 942 |
_2ddc _cBK |
||